Overlapping Option Trivia V Quiz Stats

Quiz Updated Jun 7, 2015

Challenge
Share
Tweet
Embed
Score 0/20 Timer 03:00
1 Play Today
% Correct
Poop
93.5%
Gruber
91.4%
Krone
87%
Rooster
85.7%
Mark
83.7%
Pork
82.7%
Polo
76%
Zero
75.1%
Washington
72.2%
Georgia
64.9%
% Correct
Turkey
64.6%
Burger
64.4%
1922
63.8%
Beef
62.5%
Cheese
62.2%
One
59.5%
Disease
58.9%
Pool
57.5%
1860
56.6%
1903
55.5%

You're not logged in!

Compare scores with friends on all Sporcle quizzes.
Sign Up with Email
OR
Log In

You Might Also Like...

Show Comments

Extras

Top Quizzes Today


Score Distribution

Your Account Isn't Verified!

In order to create a playlist on Sporcle, you need to verify the email address you used during registration. Go to your Sporcle Settings to finish the process.